| 000 | 00629nam a22001937a 4500 | ||
|---|---|---|---|
| 005 | 20230510082333.0 | ||
| 008 | 230510b |||||||| |||| 00| 0 eng d | ||
| 020 | _a978-621-04-0384-8 | ||
| 082 | _aFil. 394.2068 C957 2020 | ||
| 100 |
_aCruz, Zenaida L. _eauthor |
||
| 245 |
_aIntroduction to Meetings, Incentives, Conferences and Events management (MICE) _cZenaida Lansangan-Cruz |
||
| 250 | _a1st ed. | ||
| 260 |
_aManila: _bRex Book Store, _cc2020 |
||
| 300 |
_avi, 214p.: _bill. |
||
| 490 | _aHRM-Tourism series | ||
| 504 | _aIncludes index | ||
| 541 | _e7083 c.1, 7084 c.2, 7085 c.3 | ||
| 650 | _aSpecial events - Management | ||
| 999 |
_c2130 _d2130 |
||